Pripravovaná aktualizácia Medzinárodných obchodných podmienok - INCOTERMS

Guardado en:
Detalles Bibliográficos
Autor principal: Valachovičová, Viktória
Formato: Capítulo de libro
Lenguaje:eslovaco
inglés
Etiquetas: Agregar Etiqueta
Sin Etiquetas, Sea el primero en etiquetar este registro!

MARC

LEADER 00000naa a2200000 4500
001 0124957
005 20240502072423.2
041 0 |a slo 
041 0 |a eng 
044 |a SK 
245 1 0 |a Pripravovaná aktualizácia Medzinárodných obchodných podmienok - INCOTERMS  |c Viktória Valachovičová 
100 1 |a Valachovičová, Viktória